000 00780nam a2200229 i 4500
001 21059
003 ES-MaACL
005 20230906152418.0
007 t|
008 021120s1900 sp |||| | spa d
080 _a821.134.2-32"18"
100 1 _aAlas, Leopoldo
_d1852-1901
_9226375
245 1 0 _aZurita /
_c[Leopoldo Alas].
260 _aMadrid :
_bB. Rodríguez Serra,
_c1900.
300 _a75 p. ;
_c15 cm.
490 1 _aBiblioteca "Clarín" ;
_v1
530 _aDisponible en formato digital.
830 0 _aBiblioteca "Clarín" ;
_v1
_9226370
852 _aES-MaACL
_jT-1058-F-1
_z- Enc. en un vol. facticio, conservando cub. original
856 _uhttp://bdh-rd.bne.es/viewer.vm?id=0000108298&page=1
_zBiblioteca Digital Hispánica
999 _c21059
_d21059